000 00994nam a22002177a 4500
003 IT-MiCISF
005 20240605110332.0
008 240605b |||||||| |||| 00| 0 eng d
040 _cIT-MiCISF
041 _ait
100 _aDioguardi Ilaria (et al.)
_960763
245 _aDroga, apriamo gli occhi
250 _a"Vita", n. 4, aprile
260 _c2024
300 _app. 19-76
500 _atossicodipendenza, adolescenza, giovani, servizi, associazioni, società, esperienze
650 _aEmarginazione / devianza
654 _adossier
700 _aRiva M., Squillaci L., Sciortino B., Grosso L., Mazzi A., Lucchini A., Molinari P.
_aSciortino G., Gatti R., Kelsay J., Feder S., Carpentieri G., Cicchi F., Cappella M.,
_aGallizzi R., Arcidiacono L., Cibin M., Rocca N., Ghidini G., Martellozzo A.,
_aPeri G. Di Cintio V., Bernardini L., Taverna F., Cornaggia C., Salvati G., Ferrari M.,
_aPalmieri C., Maggiolini A., Laffi S., Petrolini V., Lembke A.
_960764
942 _2ddc
_cCR
999 _c360111
_d360113